| 000 | 00995nam a2200253Ia 4500 | ||
|---|---|---|---|
| 003 | OSt | ||
| 005 | 20221005133550.0 | ||
| 006 | a|||||r|||| 00| 0 | ||
| 007 | ta | ||
| 008 | 221004b |||||||| |||| 00| 0 hin d | ||
| 024 | _a35970 | ||
| 037 | _cTextual | ||
| 040 |
_aCRL _cCRL _bhin |
||
| 041 |
_2hin _ahin |
||
| 100 | _aयादव, विश्वनाथ, ले. | ||
| 110 | _aदिल्ली विश्वविद्यालय. कला संकाय. हिन्दी विभाग | ||
| 245 | 0 | _aजहाँ लक्ष्मी कैद है में स्त्री-प्रश्न। | |
| 246 | _aJahāँ lakṣhmī kaid hai mean strī-prashna। | ||
| 260 | _c2014 | ||
| 300 |
_a87पृ. _ccm. |
||
| 700 | _aदिल्ली विश्वविद्यालय. कला संकाय. हिन्दी विभाग | ||
| 942 |
_cTEXL _2cc |
||
| 999 |
_c1067236 _d1067236 |
||